PRE RÝCHLU ORIENTÁCIU

Bibliographic Details
Format: Article
Language:Slovak

MARC

LEADER 00000nab a2200000ua 4500
001 vtls010784185
003 SK-MaSNL
005 20260225191410.0
008 230131s1972 xo |||||||||||||||||slo|
035 |a (urnnbn)urn:nbn:sk:snk:ar-a001f5 
035 |a (uuid)52a5b279-a337-4e30-8819-db5522d6eff4 
035 |a urn:nbn:sk:snk-ab4z23 
040 |a SNKBUCL  |b slo  |c SNKBUCL  |e AACR2 
041 0 |a slo 
044 |a xo  |c SK 
245 0 0 |a PRE RÝCHLU ORIENTÁCIU 
773 0 |t Včelár : odborný časopis Povereníctva poľnohospodárstva a lesného hospodárstva a Ústredia včelárskych združení na Slovensku  |g Roč. 46, č. 2 (1972), s. 36-37 
954 |a odborná, vedecká literatúra pôvodná (slovenská)  |2 lita 
958 |a OND 
958 |a EUIPO 
958 |a article3 
999 |c 1908143  |d 1910073